Open economy macroeconomics in developing countries (Registro nro. 3302)
[ vista simple ]
| 000 -LEADER | |
|---|---|
| fixed length control field | 01251 a2200229 4500 |
| 001 - CONTROL NUMBER | |
| control field | 40772 |
| 005 - DATE AND TIME OF LATEST TRANSACTION | |
| control field | 20260407155703.0 |
| 008 - FIXED-LENGTH DATA ELEMENTS--GENERAL INFORMATION | |
| fixed length control field | 260407a2013 arg spa d |
| 003 - CONTROL NUMBER IDENTIFIER | |
| control field | AR-UNSa-BCEJYS |
| 040 ## - CATALOGING SOURCE | |
| Original cataloging agency | AR-UNSa-BCEJYS |
| Language of cataloging | spa |
| Transcribing agency | AR-UNSa-BCEJYS |
| 080 ## - UNIVERSAL DECIMAL CLASSIFICATION NUMBER | |
| Universal Decimal Classification number | 338.23:336.74 |
| Common auxiliary subdivision | Política monetaria |
| 020 ## - INTERNATIONAL STANDARD BOOK NUMBER | |
| International Standard Book Number | 978-0-262-01890-6 |
| 041 ## - LANGUAGE CODE | |
| Language code of text/sound track or separate title | spa |
| 100 1# - MAIN ENTRY--PERSONAL NAME | |
| Personal name | Végh Gramont, Carlos A. |
| 245 10 - TITLE STATEMENT | |
| Title | Open economy macroeconomics in developing countries |
| 264 #1 - PRODUCTION, PUBLICATION, DISTRIBUTION, MANUFACTURE, AND COPYRIGHT NOTICE | |
| Place of production, publication, distribution, manufacture | Cambridge : |
| Name of producer, publisher, distributor, manufacturer | The MIT Press |
| Date of production, publication, distribution, manufacture, or copyright notice | 2013 |
| 300 ## - PHYSICAL DESCRIPTION | |
| Extent | x, 898 p. |
| Dimensions | 23 cm. |
| 505 ## - FORMATTED CONTENTS NOTE | |
| Formatted contents note | 1. The basic intertemporal model - 2. Capital markets imperfections - 3. Intertemporal prices - 4. Non-tradable goods and relative prices - 5. The basic monetary model - 6. The monetary approach to the balance of payments - 7. Temporary policy - 8. Sticky prices - 9. Interest rate policy - 10. Optimal fiscal and monetary policy in the open economy - 11. Optimal exchange rate regimes - 12. Real anchors - 13. Stopping high inflation - 14. Capital inflows - 15. Dollarization - 16. Balance of payment crises - 17. Financial crises |
| 590 ## - LOCAL NOTE (RLIN) | |
| Local note | niveau_biblio:m niveau_hierar:0 |
| 856 41 - ELECTRONIC LOCATION AND ACCESS | |
| Uniform Resource Identifier | <a href="https://biblioeco.unsa.edu.ar/pmb/images/libros/L126239.jpg">https://biblioeco.unsa.edu.ar/pmb/images/libros/L126239.jpg</a> |
| Link text | Imagen de portada |
| Electronic format type | image/jpeg |
| 942 ## - ADDED ENTRY ELEMENTS (KOHA) | |
| Koha item type | |
| Withdrawn status | Lost status | Damaged status | Not for loan | Home library | Current library | Shelving location | Date acquired | Total checkouts | Full call number | Barcode | Date last seen | Price effective from | Koha item type |
|---|---|---|---|---|---|---|---|---|---|---|---|---|---|
| Biblioteca Prof. Eusebio Cleto del Rey | Biblioteca Prof. Eusebio Cleto del Rey | 07/04/2026 | 338.23:336.74 V422 | L126239 | 07/04/2026 | 07/04/2026 | Libro |